Trópico mío /

La larva es muy violenta y me golpea\Me tumba al suelo y me abre las piernas\De entre sus piernas cae un huevo en mi entrepierna\Avergonzada cubro mi cara con mis manos\Avergonzada trato de cubrir mi cuerpo con mi cuerpo\Avergonzada de una vergüenza toda ajena

Bibliographic Details
Main Author: Rita, Mara
Format: Libro
Language:Spanish
Published: Santiago, Chile MAGO Editores 2015
Series:Poeta Carmen Berenguer
Subjects:
Online Access:

MARC

LEADER 00000cam a2200000 a 4500
001 028016
003 UAHC_CL
005 20170803122859.0
008 160913s2015 cl 000 p spa
020 |a 9789563172591 
040 |a UAHC_CL  |c UAHC_CL  |d UAHC_CL 
082 0 4 |a Ch861  |b R598  |2 20 
100 1 |a Rita, Mara 
245 1 0 |a Trópico mío /  |c Mara Rita. 
260 |b MAGO Editores  |a Santiago, Chile  |c 2015 
300 |a 36 p. 
490 0 |a Poeta Carmen Berenguer 
520 |a La larva es muy violenta y me golpea\Me tumba al suelo y me abre las piernas\De entre sus piernas cae un huevo en mi entrepierna\Avergonzada cubro mi cara con mis manos\Avergonzada trato de cubrir mi cuerpo con mi cuerpo\Avergonzada de una vergüenza toda ajena 
650 4 |a POESIAS CHILENAS 
653 |a PEDAGOGIA EN LENGUA CASTELLANA Y COMUNICACION 
900 |a Ch861 MART 
942 |c BK 
952 |0 0  |1 0  |4 0  |6 CH_861_000000000000000_MART  |7 0  |8 General  |9 55590  |a BC  |b BC  |c General  |d 2017-08-03  |l 1  |m 1  |o Ch861 MART  |p 1431345  |r 2025-11-26 00:00:00  |s 2019-09-03  |t 1  |w 2017-08-03  |y BK 
999 |c 28016  |d 28016